[Event "Hessen-ch Seniors op 08th"]
[Site "Bad Sooden-Allendorf"]
[Date "2012.04.15"]
[Round "2"]
[White "Mewes, Hans Dieter"]
[Black "Preiss, Gerhard"]
[Result "1/2-1/2"]
[WhiteElo "1932"]
[BlackElo "1829"]
[PlyCount "46"]
[EventDate "2012.04.14"]
[EventType "swiss"]
[EventRounds "9"]
[EventCountry "GER"]
[SourceTitle "EXT 2019"]
[Source "ChessBase"]
[SourceDate "2018.10.10"]
[SourceVersion "1"]
[SourceVersionDate "2018.10.10"]
[SourceQuality "1"]

1. c4 Nf6 2. g3 c6 3. Bg2 d5 4. b3 Bf5 5. d3 e5 6. Nf3 Bd6 7. 0-0 0-0 8. h3 h6 9. Ba3 Bxa3 10. Nxa3 Qd6 11. Nc2 a5 12. Rc1 Nbd7 13. Qd2 Be6 14. Rfe1 Rfd8 15. Rcd1 b6 16. Nh2 Nf8 17. Qe3 Rab8 18. Nf1 Ng6 19. Qf3 Qd7 20. Kh2 Qc7 21. e4 Rd7 22. Rc1 Qd6 23. Nfe3 d4 1/2-1/2

[Event "Hessen-ch Seniors op 07th"]
[Site "Bad Sooden-Allendorf"]
[Date "2011.05.05"]
[Round "6"]
[White "Preiss, Gerhard"]
[Black "Didzuhn, Werner"]
[Result "1-0"]
[WhiteElo "1592"]
[BlackElo "1672"]
[PlyCount "61"]
[EventDate "2011.04.30"]
[EventType "swiss"]
[EventRounds "9"]
[EventCountry "GER"]
[SourceTitle "EXT 2012"]
[Source "ChessBase"]
[SourceDate "2011.11.24"]
[SourceVersion "1"]
[SourceVersionDate "2011.11.24"]
[SourceQuality "1"]

1. c4 g6 2. Nc3 Bg7 3. d4 d6 4. e4 Nc6 5. Be3 e5 6. d5 Nce7 7. f4 exf4 8. Bxf4 Nf6 9. Be2 0-0 10. Nf3 Bg4 11. 0-0 Nd7 12. Qd2 a5 13. Bh6 Nc5 14. Bxg7 Kxg7 15. Nd4 Bxe2 16. Qxe2 Nd7 17. Rf2 Ne5 18. Raf1 Ng8 19. Rxf7+ Rxf7 20. Ne6+ Kh8 21. Nxd8 Rxd8 22. Rxf7 Nxf7 23. a3 Ne5 24. b4 axb4 25. axb4 Nf6 26. c5 Ra8 27. h3 Ra1+ 28. Kh2 Nh5 29. cxd6 cxd6 30. Nb5 Nf4 31. Qb2 1-0

[Event "Hessen-ch Seniors op 07th"]
[Site "Bad Sooden-Allendorf"]
[Date "2011.05.03"]
[Round "4"]
[White "Preiss, Gerhard"]
[Black "Schulz, Eugen"]
[Result "1/2-1/2"]
[WhiteElo "1592"]
[BlackElo "1719"]
[PlyCount "54"]
[EventDate "2011.04.30"]
[EventType "swiss"]
[EventRounds "9"]
[EventCountry "GER"]
[SourceTitle "EXT 2012"]
[Source "ChessBase"]
[SourceDate "2011.11.24"]
[SourceVersion "1"]
[SourceVersionDate "2011.11.24"]
[SourceQuality "1"]

1. c4 Nf6 2. Nc3 d5 3. d4 g6 4. Bg5 Bg7 5. Bxf6 Bxf6 6. cxd5 0-0 7. e4 e5 8. dxe5 Bxe5 9. Nf3 Bg4 10. Be2 Bxf3 11. Bxf3 Qf6 12. Qc2 Qh4 13. h3 f5 14. Qe2 Nd7 15. Rd1 Rae8 16. g3 Qf6 17. 0-0 fxe4 18. Bg4 Nc5 19. Nxe4 Nxe4 20. Be6+ Kg7 21. Qxe4 Bxb2 22. Qb4 b6 23. Qc4 Be5 24. f4 Bd6 25. Kg2 a5 26. a4 h5 27. Qd4 Re7 1/2-1/2

[Event "Niedersachsen-ch Seniors op 13th"]
[Site "Bad Bevensen"]
[Date "2010.07.10"]
[Round "5"]
[White "Klein, Leo"]
[Black "Preiss, Gerhard"]
[Result "1-0"]
[WhiteElo "1791"]
[BlackElo "1565"]
[PlyCount "43"]
[EventDate "2010.07.06"]
[EventType "swiss"]
[EventRounds "9"]
[EventCountry "GER"]
[SourceTitle "EXT 2012"]
[Source "ChessBase"]
[SourceDate "2011.11.24"]
[SourceVersion "1"]
[SourceVersionDate "2011.11.24"]
[SourceQuality "1"]

1. d4 e6 2. Bf4 Nf6 3. e3 Be7 4. Nd2 d5 5. c3 Nbd7 6. Bd3 c5 7. h3 Qb6 8. Rb1 h6 9. Ngf3 Bd6 10. Ne5 Nf8 11. Bg3 Bd7 12. 0-0 Bb5 13. c4 dxc4 14. Ndxc4 Bxc4 15. Nxc4 Qc6 16. Nxd6+ Ke7 17. Bb5 Qd5 18. dxc5 Qxc5 19. Rc1 Qb6 20. Qd4 Qxd4 21. exd4 Nd5 22. Nxb7 1-0

[Event "Niedersachsen-ch Seniors op 13th"]
[Site "Bad Bevensen"]
[Date "2010.07.08"]
[Round "3"]
[White "Juergens, Peter1"]
[Black "Preiss, Gerhard"]
[Result "1/2-1/2"]
[WhiteElo "1837"]
[BlackElo "1565"]
[PlyCount "46"]
[EventDate "2010.07.06"]
[EventType "swiss"]
[EventRounds "9"]
[EventCountry "GER"]
[SourceTitle "EXT 2012"]
[Source "ChessBase"]
[SourceDate "2011.11.24"]
[SourceVersion "1"]
[SourceVersionDate "2011.11.24"]
[SourceQuality "1"]

1. d4 e6 2. Nf3 d5 3. Bf4 Bd6 4. Bg3 Nf6 5. e3 Qe7 6. Nbd2 c5 7. c3 0-0 8. Bd3 Nbd7 9. Ne5 Ne8 10. f4 f6 11. Nxd7 Bxd7 12. 0-0 f5 13. Nf3 Nf6 14. Bh4 Be8 15. Ne5 Qc7 16. Bxf6 Rxf6 17. Kh1 Bxe5 18. fxe5 Rh6 19. Be2 c4 20. Qd2 Qe7 21. g3 Qg5 22. Rg1 Bg6 23. Bf3 Rf8 1/2-1/2

[Event "Niedersachsen-ch Seniors op 13th"]
[Site "Bad Bevensen"]
[Date "2010.07.07"]
[Round "2"]
[White "Preiss, Gerhard"]
[Black "Farin, Friedrich"]
[Result "1-0"]
[WhiteElo "1565"]
[BlackElo "1289"]
[PlyCount "81"]
[EventDate "2010.07.06"]
[EventType "swiss"]
[EventRounds "9"]
[EventCountry "GER"]
[SourceTitle "EXT 2012"]
[Source "ChessBase"]
[SourceDate "2011.11.24"]
[SourceVersion "1"]
[SourceVersionDate "2011.11.24"]
[SourceQuality "1"]

1. c4 g5 2. d4 h6 3. e4 d6 4. Nc3 Nf6 5. Be2 Bg7 6. Be3 0-0 7. Qd2 Nc6 8. a3 a5 9. Nf3 e5 10. Rd1 Bg4 11. d5 Ne7 12. h4 Bxf3 13. gxf3 Nh7 14. hxg5 hxg5 15. Bxg5 f6 16. Bh6 Ng6 17. Bxg7 Rf7 18. Bh6 Ng5 19. Rg1 Nf4 20. Bf1 Rh7 21. Bxg5 fxg5 22. Ne2 Rg7 23. Nxf4 gxf4 24. Rxg7+ Kxg7 25. Bh3 Qh4 26. Bg4 b6 27. Ke2 Rh8 28. Qc1 Qg5 29. Rg1 Kf6 30. Bf5 Qh4 31. Rg6+ Kf7 32. Qg1 Rh7 33. Be6+ Kf8 34. Rg8+ Ke7 35. Rg7+ Kf8 36. Rxh7 Qxh7 37. Qg5 a4 38. Qd8+ Kg7 39. Qxc7+ Kh6 40. Qxh7+ Kxh7 41. Bd7 1-0

[Event "Niedersachsen-ch Seniors op 13th"]
[Site "Bad Bevensen"]
[Date "2010.07.06"]
[Round "1"]
[White "Heinzel, Peter"]
[Black "Preiss, Gerhard"]
[Result "1-0"]
[WhiteElo "1921"]
[BlackElo "1565"]
[PlyCount "45"]
[EventDate "2010.07.06"]
[EventType "swiss"]
[EventRounds "9"]
[EventCountry "GER"]
[SourceTitle "EXT 2012"]
[Source "ChessBase"]
[SourceDate "2011.11.24"]
[SourceVersion "1"]
[SourceVersionDate "2011.11.24"]
[SourceQuality "1"]

1. c4 Nf6 2. g3 e6 3. Bg2 d5 4. Nf3 Nbd7 5. b3 Be7 6. Bb2 b6 7. 0-0 Bb7 8. d3 0-0 9. Nbd2 c5 10. e3 Qc7 11. cxd5 Nxd5 12. d4 Ba6 13. Re1 Nb4 14. Nc4 cxd4 15. a3 Nc6 16. Nxd4 Bb7 17. Nb5 Qb8 18. Qxd7 a6 19. Bxc6 axb5 20. Bxb7 Ra7 21. Qxe7 bxc4 22. Qg5 f6 23. Qg4 1-0

[Event "Nordrhein Westfalen-ch Seniors 13th"]
[Site "Bad Salzuflen"]
[Date "2002.06.11"]
[Round "4"]
[White "Heyne, Manfred"]
[Black "Preiss, Gerhard"]
[Result "1/2-1/2"]
[WhiteElo "1642"]
[BlackElo "1628"]
[PlyCount "44"]
[EventDate "2002.06.??"]
[EventType "swiss"]
[EventRounds "9"]
[EventCountry "GER"]
[SourceTitle "EXT 2006"]
[Source "ChessBase"]
[SourceDate "2005.11.24"]
[SourceVersion "1"]
[SourceVersionDate "2005.11.24"]
[SourceQuality "1"]

1. d4 Nf6 2. c4 g6 3. Nc3 d5 4. cxd5 Nxd5 5. e4 Nxc3 6. bxc3 Bg7 7. Bc4 0-0 8. Ne2 c5 9. Be3 Qa5 10. Qd2 cxd4 11. cxd4 Qxd2+ 12. Bxd2 Nc6 13. Be3 Rd8 14. Rd1 Na5 15. Bd3 Bd7 16. 0-0 Rac8 17. Rc1 Rxc1 18. Rxc1 Rc8 19. Rxc8+ Bxc8 20. f3 Bd7 21. Kf2 b6 22. Ke1 Bf8 1/2-1/2